000 00967nam a22003257a 4500
001 0019091
003 KOHA_MİRAKIL
005 20260207002225.0
007 ta
008 100707b2006 tu |||gr||||#||||0|tur |
020 _a9758631217
040 _aTR-BiSEU
_btur
_cTR-BiSEU
_erda
041 0 _atur
044 _ctu
050 _aBD331
_b.K29 2006
100 1 _aKeller, Wilhelm.
240 1 0 _lTürkçe
240 1 0 _aVom Wesen des Menschen
_lTürkçe
245 1 _aİnsan doğası =
_bVom Wesen des Menschen/
_cWilhelm Keller ; Wilhelm Keller; çev. Akın Kanat.
264 1 _aİzmir :
_bİlya İzmir Yayınevi Matbaası
_c2006
300 _a120 s.
336 _ametin
_btxt
_2rdacontent
337 _aaracısız
_bn
_2rdamedia
338 _acilt
_bnc
_2rdacarrier
490 0 _a İlya felsefe dizisi
500 _aÖzgün adı: Vom Wesen des Menschen.
650 0 _aOntoloji.
_923891
830 0 _a İlya felsefe dizisi
_943135
942 _2lcc
_cBK
999 _c19048
_d19048